• 首页
  • 本馆介绍
  • 公告通知
  • 最新文献
  • 馆藏检索
  • 电子资源
  • 读者导购
  • 参考咨询
  • 我的图书馆
  • 登录
  • 详细信息显示
  • 放入我的书架
  • 预约/预借图书
  • 作者相关作品
  • 分类相关作品
  • 丛书相关作品
  • 出版社相关作品

书目信息

  • 表格格式
  • 工作单格式
  • 卡片格式
题名:
怎样诊断疾病
    
 
作者: ;山东省泰安卫生学校 编
分册:  
出版信息: 济南   山东科学技术出版社  1980
页数: 343页
开本: 19cm
丛书名: 赤脚医生医疗卫生丛书
单 册:
中图分类: R44 , R2
科图分类:
主题词: 中国医药学
电子资源:
ISBN:
000 00713oam2 2200253 450
001 1534809276
005 20150131094034.06
010    @dCNY0.77
091    @a14195.44
100    @a19950629d1980 em y0chiy0110 ea
101 0  @achi
102    @aCN@b370000
105    @ay z 000yy
200 1  @a怎样诊断疾病@9zen yang zhen duan ji bing@f山东省泰安卫生学校编
210    @a济南@c山东科学技术出版社@d1980
215    @a343页@d19cm
225 2  @a赤脚医生医疗卫生丛书
461  0 @12001 @a赤脚医生医疗卫生丛书
606 0  @a中国医药学
690    @aR44@v5
690    @aR2@v4
711 02 @a山东省泰安卫生学校@9shan dong sheng tai an wei sheng xue xiao@4编
801  0 @aCN@bTSSF@c20150131
905    @aZUCC@dR2@eJY51
    
    怎样诊断疾病/山东省泰安卫生学校编.-济南:山东科学技术出版社,1980
    343页;19cm.-(赤脚医生医疗卫生丛书)
    
    
    ISBN :CNY0.77
    
●
相关链接 在E读中查询图书 在五车中查询图书 在当当中查询图书 在豆瓣中查询图书


正题名:怎样诊断疾病     索取号:R2/JY51         预约/预借

序号 登录号 条形码 馆藏地/架位号 状态 备注
1 7862560   278625604   学院路分馆/ [索取号:R2/JY51] 在馆    
唐山师范学院图书馆 欢迎您!
大连网信软件有限公司© 版权所有